| 000 | 01275namaa2200301 i 4500 | ||
|---|---|---|---|
| 003 | EG-GICUC | ||
| 005 | 20260423114145.0 | ||
| 008 | 260423s1988 ua ||||gr|||| 00| 0 ara d | ||
| 040 |
_aEG-GiCUC _bara _cEG-GiCUC _dEG-GiCUC _erda |
||
| 082 | 0 | 4 |
_221 _a415.1 _bS563 1988 |
| 092 | 0 | 4 |
_221 _a415.1 _bS563 1988 |
| 099 | _a415.1 S563 1988 | ||
| 100 | 1 |
_aسيبويه، عمرو بن عثمان، _dاشتهر بالقرن الثامن. _eمؤلف. |
|
| 245 | 1 | 2 |
_a الكتاب : _bكتاب سيبويه / _cابى بشر عمرو بن عثمان بن قنبر ؛ تحقيق وشرح عبد السلام محمد هارون |
| 246 | 3 | 0 | _aكتاب سيبوية |
| 250 | _aالطبعة الثالثة. | ||
| 264 |
_aالقاهرة : _bمكتبة الخانكي، _c1988. |
||
| 300 |
_a5 مجلدات ؛ _c24 سم _bإيضاحيات، صور، مثيليات ؛ Illustrations |
||
| 336 |
_2rdacontent _atext |
||
| 337 |
_2rdamedia _aUnmediated |
||
| 338 |
_2rdacarrier _avolume |
||
| 504 | _aيشتمل على ارجاعات ببليوجرافية وكشافات | ||
| 541 |
_aد. جابر عصفور ؛ _bالقاهرة ؛ _cإهداء ؛ _d2023. |
||
| 650 | 1 |
_aاللغة العربية _xالنحو _2qrmak |
|
| 651 | 1 | _2qrmak | |
| 905 | _aAsmaa | ||
| 942 |
_2ddc _cBK _e21 _n0 |
||
| 999 |
_c179697 _d179697 |
||